Empresa y medio ambiente
Sparad:
| Huvudupphovsmän: | , , |
|---|---|
| Materialtyp: | Bok |
| Språk: | spanska |
| Publicerad: |
Madrid
Ediciones Pirámide
1995
|
| Upplaga: | 1a. ed |
| Serie: | Colección Empresa y Gestión
|
| Ämnen: | |
| Taggar: |
Lägg till en tagg
Inga taggar, Lägg till första taggen!
|
MARC
| LEADER | 00000cam a2200000 a 4500 | ||
|---|---|---|---|
| 001 | UCD6970 | ||
| 003 | CL-VaPUC | ||
| 008 | 170303e19950000sp |||||||||||||||||spa|d | ||
| 020 | |a 843680872X | ||
| 082 | 0 | 4 | |a 658.408 |b RUE |2 21 |
| 100 | 0 | |a Ruesga, Santos M |e author |9 590884 | |
| 700 | 0 | |a Durán, Gemma |e author |9 590885 | |
| 700 | 0 | |a Fuertes, Antonio |e author |9 590886 | |
| 245 | 1 | 0 | |a Empresa y medio ambiente |
| 250 | |a 1a. ed | ||
| 300 | |a 293 p | ||
| 942 | |c BK | ||
| 945 | |d 20170303 17:35:00 |a arojas | ||
| 260 | |a Madrid |b Ediciones Pirámide |c 1995 | ||
| 650 | 0 | |a Responsabilidad social empresarial |9 525230 | |
| 650 | 0 | |a Modelos de negocio |9 565102 | |
| 650 | 0 | |a Medio ambiente |9 257625 | |
| 650 | 0 | |a Gerencia ejecutiva |9 482521 | |
| 583 | |a last modification |c 20170303 17:35:00 |k Rodrigo Vera | ||
| 490 | 0 | |a Colección Empresa y Gestión | |
| 999 | |c 367142 |d 367140 | ||
| 952 | |0 0 |1 0 |3 erb |4 0 |6 658_408000000000000_RUE_1995 |7 0 |8 A |9 481834 |a BIBENE |b BIBENE |i 5328365 |o 658.408 RUE 1995 |p 5328365 |r 2025-01-15 |w 2019-11-24 |y BK |z Catalogado en:20170303 |k ICO | ||